000
00325nam a2200121Ia 4500
008
220204s9999 xx 000 0 und d
082
_a
628.54
_b
DOM
245
0
_a
Energy from solid waste: Recent developments
260
_a
New Jersey
_b
Noyes Data
_c
1979
650
_a
Energy recovery
700
_a
Domino, Francis
942
_c
BK
999
_c
34634
_d
34634